00789nam a2200217Ia 4500001000700000003000500007008004100012010001100053040000900064100003500073245012900108260004100237300001000278502007600288650003300364650003400397650003600431650003600467650003200503650003600535Z_3104CHAP220113s2000 xx 000 0 und d a166203 cCHAP aGómez Juárez, Miguel Angel aEfecto de la suplementación nutricional sobre la tasa ovulatoria en cabras lecheras /cpor Miguel Angel Gómez Juárez aChapingo, Méx. :bEl autor,c2000 a49 h. aTesis (Ing. Agr. Esp. en Zootecnia) -- UACH. Departamento de Zootecnia aGanado cabríoxFecundidad  aGanado cabríoxNutrición  aGanado cabríoxReproducción aGanado lechero xxNutrición  aGanado lecheroxFecundidad  aGanado lecheroxReproducción